| 000 | 00433nam a22001577a 4500 | ||
|---|---|---|---|
| 003 | OSt | ||
| 008 | 250227b |||||||| |||| 00| 0 eng d | ||
| 020 | _a9788197978579 | ||
| 100 | _aVERMA, Dinesh C | ||
| 245 | _aThe Foundation of Machine Learning : From Algorithms to Application | ||
| 260 |
_aNew Delhi, _bNaples India: _c2024. |
||
| 300 | _a289p. | ||
| 650 | _aFaculty Publication | ||
| 700 | _aNish at al. | ||
| 942 |
_2ddc _cBK |
||
| 999 |
_c13156 _d13156 |
||